Countries by Images A-Z - I - Statistics

General Stats
  • This quiz has been taken 40 times
  • The average score is 18 of 24
Answer Stats
Picture Answer % Correct
France
100%
Japan
100%
Russia
97%
Denmark
94%
Italy
94%
Hungary
89%
Malaysia
89%
Canada
83%
Qatar
83%
Estonia
78%
Oman
78%
Zambia
75%
Latvia
72%
Namibia
72%
Uzbekistan
67%
Azerbaijan
64%
Kuwait
64%
Venezuela
64%
Yemen
64%
Bolivia
58%
Slovakia
56%
Tunisia
56%
Guyana
53%
Panama
36%
No matching quizzes found
Score Distribution
Percent of People with Each Score
Percentile by Number Answered
Your Score History
You have not taken this quiz